000 00466nam a22001937a 4500
003 MPLRDC
005 20220104113950.0
008 210129b ||||| |||| 00| 0 eng d
020 _a957-9525-82-X
082 _a848.2 XMR-8
100 _a席慕蓉著
245 _a江山有待
_c
250 _a四印
260 _a
_b洪范书店有限公司
_c1992
300 _b
490 _a洪范文学丛书;221
650 _a现代别集
942 _cBK
_o848.2 XMR-8
999 _c3754
_d3744